[Event "EU-ch (Women) 13th"]
[Site "Gaziantep"]
[Date "2012.03.06"]
[Round "5"]
[White "Bezgodova, Maria"]
[Black "Mikadze, Miranda"]
[Result "1/2-1/2"]
[WhiteElo "2200"]
[BlackElo "2329"]
[PlyCount "121"]
[EventDate "2012.03.02"]
[EventType "swiss"]
[EventRounds "11"]
[EventCountry "TUR"]
[SourceTitle "CBM 147 Extra"]
[Source "ChessBase"]
[SourceDate "2012.04.24"]
[SourceVersion "1"]
[SourceVersionDate "2012.04.24"]
[SourceQuality "1"]

1. e4 d5 2. exd5 Qxd5 3. Nc3 Qd6 4. d4 Nf6 5. Nf3 c6 6. h3 Bf5 7. Bc4 Nbd7 8. Qe2 e6 9. Bg5 Be7 10. Bh4 Nb6 11. Bb3 a5 12. Bg3 Qd8 13. a4 0-0 14. 0-0 Nbd5 15. Bxd5 exd5 16. Nd1 Ne4 17. Bh2 Qb6 18. Ne3 Be6 19. c3 Rfe8 20. Ne5 Bf8 21. Nd3 f6 22. Rfe1 Bf7 23. Qg4 g6 24. Qh4 Bg7 25. Qf4 h5 26. h4 Kh7 27. Nf1 Re7 28. Qc1 Bf8 29. f3 Nd6 30. Qf4 Kg7 31. Rxe7 Bxe7 32. Re1 Nf5 33. Qc7 Qxc7 34. Bxc7 Bd8 35. Bxd8 Rxd8 36. g3 Kf8 37. Nc5 Nd6 38. Nd2 b6 39. Ne6+ Bxe6 40. Rxe6 Kf7 41. Re1 Nf5 42. Kf2 Rd6 43. Rb1 Ke6 44. b4 axb4 45. Rxb4 c5 46. dxc5 bxc5 47. Rb5 c4 48. Nf1 Ra6 49. Rb4 Ke5 50. Ne3 Nd6 51. Nc2 g5 52. Nd4 g4 53. Ke3 gxf3 54. Nxf3+ Kf5 55. Nd4+ Kg4 56. Rb8 Rxa4 57. Rg8+ Kh3 58. Ne2 Ne4 59. Nf4+ Kh2 60. Nxd5 Nxg3 61. Nxf6 1/2-1/2

[Event "EU-ch (Women) 13th"]
[Site "Gaziantep"]
[Date "2012.03.04"]
[Round "3"]
[White "Bezgodova, Maria"]
[Black "Yildiz Kadioglu, Betul Cemre"]
[Result "1/2-1/2"]
[WhiteElo "2200"]
[BlackElo "2342"]
[PlyCount "81"]
[EventDate "2012.03.02"]
[EventType "swiss"]
[EventRounds "11"]
[EventCountry "TUR"]
[SourceTitle "CBM 147 Extra"]
[Source "ChessBase"]
[SourceDate "2012.04.24"]
[SourceVersion "1"]
[SourceVersionDate "2012.04.24"]
[SourceQuality "1"]

1. e4 e5 2. Nf3 Nc6 3. Nc3 Nf6 4. d4 exd4 5. Nxd4 Bb4 6. Nxc6 bxc6 7. Bd3 d6 8. 0-0 Ng4 9. h3 Ne5 10. Be2 Qh4 11. f4 Bc5+ 12. Kh2 Ng6 13. Qe1 Qe7 14. Bd3 Rb8 15. Ne2 f6 16. Ng3 0-0 17. Qc3 Kh8 18. Nf5 Qe8 19. Nd4 Ne5 20. Be2 Bxd4 21. Qxd4 c5 22. Qf2 Nc6 23. Bd3 Be6 24. b3 a5 25. Bd2 a4 26. Qh4 Bg8 27. Rg1 Nb4 28. Bxb4 Rxb4 29. g4 axb3 30. axb3 c4 31. bxc4 Bxc4 32. Rgb1 Qb5 33. Rxb4 Qxb4 34. Qe1 Qc5 35. Ra5 Qd4 36. Ra4 d5 37. Bxc4 dxc4 38. Qe2 Qd6 39. Qe3 Qc6 40. Ra1 h6 41. Re1 1/2-1/2

[Event "Moscow op (Women)"]
[Site "Moscow"]
[Date "2012.01.28"]
[Round "1"]
[White "Bezgodova, Maria"]
[Black "Vlasova, Daria"]
[Result "1-0"]
[WhiteElo "2226"]
[BlackElo "1849"]
[PlyCount "71"]
[EventDate "2012.01.28"]
[EventType "swiss"]
[EventRounds "9"]
[EventCountry "RUS"]
[SourceTitle "CBM 146 Extra"]
[Source "ChessBase"]
[SourceDate "2012.02.29"]
[SourceVersion "1"]
[SourceVersionDate "2012.02.29"]
[SourceQuality "1"]

1. e4 e5 2. Nf3 Nc6 3. d4 exd4 4. Nxd4 Nf6 5. Nxc6 bxc6 6. e5 Qe7 7. Qe2 Nd5 8. c4 Nb6 9. b3 Qe6 10. Bd2 a5 11. Bc3 Ba6 12. Qe3 Bb4 13. Bd3 0-0 14. 0-0 Rfe8 15. Bd4 c5 16. Bb2 a4 17. f4 f5 18. Qh3 g6 19. Be2 Bb7 20. Na3 d5 21. Nb5 Re7 22. cxd5 Bxd5 23. Nc3 Bxc3 24. Qxc3 axb3 25. axb3 Rxa1 26. Bxa1 Bxb3 27. Qxc5 Na4 28. Qb5 c6 29. Qa5 c5 30. Bf3 Kg7 31. Rc1 Rd7 32. Bc6 Qxc6 33. e6+ Kh6 34. exd7 Qxd7 35. Qe1 c4 36. Qh4# 1-0

[Event "Izhevsk Corporation Cup-A 3rd"]
[Site "Izhevsk"]
[Date "2011.07.24"]
[Round "9"]
[White "Bezgodova, Maria"]
[Black "Chan, Naruna"]
[Result "1-0"]
[WhiteElo "2208"]
[BlackElo "1772"]
[PlyCount "73"]
[EventDate "2011.07.15"]
[EventType "swiss"]
[EventRounds "9"]
[EventCountry "RUS"]
[SourceTitle "CBM 143 Extra"]
[Source "ChessBase"]
[SourceDate "2011.08.29"]
[SourceVersion "1"]
[SourceVersionDate "2011.08.29"]
[SourceQuality "1"]

1. e4 e5 2. Nf3 Nc6 3. d4 exd4 4. Nxd4 Nf6 5. Nxc6 bxc6 6. e5 Qe7 7. Qe2 Nd5 8. c4 Ba6 9. Qe4 Nb6 10. Nc3 g5 11. Be3 Bb7 12. 0-0-0 a5 13. Qf5 h6 14. Ne4 0-0-0 15. Bxb6 cxb6 16. Nd6+ Kb8 17. Be2 f6 18. Qxf6 Qxf6 19. exf6 Bxd6 20. Rxd6 Rhe8 21. Bh5 Re4 22. b3 Kc7 23. Rhd1 Re6 24. Rxe6 dxe6 25. f7 Rf8 26. Rd3 c5 27. g4 Bc6 28. Kd2 e5 29. Ke3 Bb7 30. f3 Bc6 31. Bg6 Bb7 32. Rd2 Bc6 33. h4 Bb7 34. Rh2 Kd6 35. hxg5 hxg5 36. Rh6 Ke7 37. Bh5 1-0

[Event "Izhevsk Corporation Cup-A 3rd"]
[Site "Izhevsk"]
[Date "2011.07.22"]
[Round "7"]
[White "Tologontegin, Semetey"]
[Black "Bezgodova, Maria"]
[Result "1-0"]
[WhiteElo "2331"]
[BlackElo "2208"]
[PlyCount "85"]
[EventDate "2011.07.15"]
[EventType "swiss"]
[EventRounds "9"]
[EventCountry "RUS"]
[SourceTitle "CBM 143 Extra"]
[Source "ChessBase"]
[SourceDate "2011.08.29"]
[SourceVersion "1"]
[SourceVersionDate "2011.08.29"]
[SourceQuality "1"]

1. Nf3 d5 2. g3 c5 3. Bg2 Nc6 4. c4 e6 5. 0-0 Nf6 6. cxd5 Nxd5 7. Nc3 Be7 8. d4 0-0 9. Nxd5 exd5 10. dxc5 Be6 11. Be3 Qa5 12. a3 Bf6 13. Nd4 Ne5 14. Nxe6 fxe6 15. Bd4 Rad8 16. e3 Qb5 17. b4 Rf7 18. Qb3 Rdf8 19. f4 Nc4 20. a4 Qe8 21. Rad1 g5 22. Bxf6 Rxf6 23. e4 gxf4 24. gxf4 Qg6 25. exd5 exd5 26. Kh1 Kh8 27. Bxd5 Ne5 28. Bxb7 Ng4 29. Qg3 Qg7 30. Bd5 Rh6 31. Rd2 Rd8 32. Rg1 Rg6 33. f5 Rg5 34. Qf4 h6 35. h4 Qc3 36. hxg5 Rxd5 37. Qxg4 Qxd2 38. Qh5 Rd7 39. Qe8+ Kh7 40. g6+ Kg7 41. Qe5+ Kg8 42. f6 Rd8 43. Qe6+ 1-0